[Event "Padova op-B 3rd"]
[Site "Padova"]
[Date "2000.12.10"]
[Round "6.26"]
[White "Marson, Antonio"]
[Black "Lucisano, Pierbasilio"]
[Result "1/2-1/2"]
[WhiteElo "1525"]
[BlackElo "1485"]
[PlyCount "24"]
[EventDate "2000.12.02"]
[EventType "swiss"]
[EventRounds "6"]
[EventCountry "ITA"]
[SourceTitle "EXT 2024"]
[Source "ChessBase"]
[SourceDate "2023.10.10"]
[SourceVersion "1"]
[SourceVersionDate "2023.10.10"]
[SourceQuality "1"]

1. d4 Nf6 2. Nf3 g6 3. Bf4 Bg7 4. h3 d6 5. e3 c5 6. c3 Qa5 7. Nbd2 Nbd7 8. Be2 cxd4 9. exd4 0-0 10. 0-0 b5 11. Nb3 Qb6 12. Re1 Re8 1/2-1/2

[Event "Padova op-B 3rd"]
[Site "Padova"]
[Date "2000.12.03"]
[Round "2.15"]
[White "Allegranti, Luca"]
[Black "Lucisano, Pierbasilio"]
[Result "1-0"]
[WhiteElo "1702"]
[BlackElo "1485"]
[PlyCount "113"]
[EventDate "2000.12.02"]
[EventType "swiss"]
[EventRounds "6"]
[EventCountry "ITA"]
[SourceTitle "EXT 2024"]
[Source "ChessBase"]
[SourceDate "2023.10.10"]
[SourceVersion "1"]
[SourceVersionDate "2023.10.10"]
[SourceQuality "1"]

1. d4 Nf6 2. Bg5 e6 3. e4 h6 4. Bxf6 Qxf6 5. Nf3 c5 6. c3 cxd4 7. cxd4 b6 8. Nc3 Bb7 9. Be2 Bb4 10. e5 Qd8 11. 0-0 0-0 12. Rc1 Bxc3 13. Rxc3 Nc6 14. Ne1 Ne7 15. Bf3 Bxf3 16. Nxf3 Nd5 17. Ra3 Qe7 18. Nd2 Rfc8 19. Rg3 Rc7 20. Ne4 Qb4 21. Qg4 g6 22. Nd6 Qd2 23. Nxf7 Nf4 24. Rf3 Rc1 25. Re3 Rxf1+ 26. Kxf1 Qc1+ 27. Re1 Qc4+ 28. Kg1 Qxd4 29. Nxh6+ Kg7 30. Qg5 Rf8 31. Ng4 Qd2 32. Qh6+ Kf7 33. Rf1 Ke8 34. g3 Ne2+ 35. Kg2 Qxh6 36. Nxh6 Nd4 37. Ng4 Ke7 38. Rd1 Nc6 39. h4 Rc8 40. f4 Nb4 41. Nf6 Nd5 42. Nxd5+ exd5 43. Rd2 Ke6 44. Kf3 Rc4 45. Kg4 Re4 46. Kg5 Re3 47. Rg2 d4 48. Kxg6 d3 49. g4 Re2 50. Rg3 d2 51. Rd3 Rf2 52. Rd6+ Ke7 53. f5 Rf4 54. Kg5 Re4 55. Rxd2 Rxe5 56. h5 d5 57. Kg6 1-0